| 000 | 00755nam a2200217 a 4500 | ||
|---|---|---|---|
| 005 | 20240925063809.0 | ||
| 008 | 070207s2005 mx r 000 0 spa d | ||
| 020 | _a8478274154 (10 dígitos) | ||
| 020 | _a9788478274154 (13 dígitos) | ||
| 035 | _aUPN01000149206 | ||
| 049 | _aCG | ||
| 050 | 4 |
_aQA135.5 _bO7.3 |
|
| 100 | 1 | _aOrtega del Rincón, Tomás | |
| 245 | 1 | 0 |
_aConexiones matemáticas : _bmotivación del alumnado y competencia matemática / _cTomás Ortega. |
| 260 |
_aBarcelona, Esp. : _bGraó, _c2005. |
||
| 300 |
_a213 p. : _bil. |
||
| 440 | 0 |
_aBiblioteca de uno ; _v218. _pDidáctica de las matemáticas |
|
| 650 | 4 |
_aMatemáticas _xEstudio y enseñanza _93601 |
|
| 650 | 4 |
_aMatemáticas _vProblemas, ejercicios, etc. _93580 |
|
| 905 | _aLibro | ||
| 999 |
_c121347 _d121347 |
||